000 01132nam a22002777a 4500
005 20110310114630.0
008 110310t xxu||||| |||| 00| 0 eng d
010 _aENG-102090
020 _a9788132106470
_c695.00
035 _aEN-85623
037 _bDBAD/PUB
040 _adpl
_bEng
082 0 0 _a658.3
100 _aHarzing, Anne-Wil
_926456
245 0 0 _aInternational human resource management /
_cby Anne-Wil Harzing [and] Ashly H. Pinnington
250 _a3rd ed
260 _aNew Delhi
_bSAGE Publications
_c2011
270 _aB1/I-1 Mohan Cooperative Industrial Area Mathura Road
_bNew Delhi
_e110044
300 _axxviii,641p.
_c25cm (pbk)
500 _aIncludes bibliographical references and index.
650 0 _aInternational business enterprises
_926436
_xPersonnel management.
700 1 _926437
_aPinnington, Ashly H.
942 _2ddc
_cEN
_h658.3
_mHAR
999 _c50957
_d50957